Normal view
MARC view
- MS-ELECT-17
Entry Topical Term
001 - CONTROL NUMBER
- control field: 84390
003 - CONTROL NUMBER IDENTIFIER
- control field: NUST
005 - DATE AND TIME OF LATEST TRANSACTION
- control field: 20211117140131.0
008 - FIXED-LENGTH DATA ELEMENTS
- fixed length control field: 211117|| aca||aabn | a|a d
040 ## - CATALOGING SOURCE
- Original cataloging agency: NUST
- Transcribing agency: NUST
150 ## - HEADING--TOPICAL TERM
- Topical term or geographic name entry element: MS-ELECT-17
670 ## - SOURCE DATA FOUND
- Source citation: Work cat.: (NUST): Syed Sheharyar Anwar 84388, TH-SOF-1888-3D Reconstruction from 2D DICOM Images with an Interactive GUI, 2021.
